| 000 | 00965nam a2200217 4500 | ||
|---|---|---|---|
| 005 | 20211028112520.0 | ||
| 008 | 211028s1979 sw |||fr|||| 001 0 spa d | ||
| 040 |
_aCENDOC CAAAP _bspa _cCAAAP |
||
| 041 | _aspa | ||
| 050 |
_aKB 16 _b.M79 |
||
| 100 | 1 |
_94334 _aMörner, Magnus |
|
| 245 | 1 | 3 |
_aLa corona española y los foráneos en los pueblos de indios en América / _cMagnus Mörner |
| 250 | _a1ra ed. | ||
| 260 |
_aEstocolmo: _bAmqvist & Wiksell, _c1970 |
||
| 300 | _a445 p. | ||
| 505 | _aContiene : Introducción -- Las ideas (1500-1680) -- Los valores religiosos-legales -- La religión y el dualismo indiano -- Apéndices: Una nota sobre la separación racial en los medios urbanos e industriales -- Las leyes (1550-1680) -- El carácter de la legislación indiana. | ||
| 650 | 0 |
_972 _aDerechos de los pueblos originarios |
|
| 650 | 0 |
_93404 _aLegislación |
|
| 650 | 0 |
_92610 _aComunidades indígenas _xAspectos legales _zPerú |
|
| 942 |
_2lcc _b28 - 10 - 21 _cBK |
||
| 999 |
_c2771 _d2771 |
||